00494nam a2200157Ia 4500008004100000041001200041082001100053100000600064245003700070260003300107300000800140650001400148942000700162999001300169952015400182221030s9999 xx 000 0 und d aEnglish a105.23 a- 0aInorganic Chemistry Digestcby - bKhosla Pub.aNew Delhic1989 a200 aChemistry cBK c187d187 pBE 72g25.00l0o105.23 r2024-06-13 00:00:00w2022-10-30yBK003Print4070aMIETLIBbMIETLIBcBL-First, FL-1, CUP-88, SH-5, R-5d1998-10-3010HBE